000 00620cam a2200217 4500
001 ABS61424
008 000000n1999 000 0 eng u
035 _a(Sirsi) u100494
100 _aO'Connor, M.
245 2 _aA Welsh perspective
260 _c1999
490 _aLandscape Design
_v(284) October 1999, 20-21(2)
520 _aOutlines some of the sources and procedures for planning guidance in a recently devolved Wales
590 _aABS
650 _aWALES
650 _aPLANNING POLICY
650 _aPROCEDURES
650 _aPG(W) PLANNING POLICY
690 _aPLANNING LAW AND PRACTICE
942 _n0
999 _c60124
_d60124